000 01111nam a2200253Ia 4500
001 18176
003 GE_BSU
008 181216s||||||||xx |||||||||||||| ||und||
040 _cGE_BSU
080 _a811.111.(072)
100 _aნ. გვარამაძე. ანა ხუროშვილი
245 _aრაც მტრობას დაუნგრევია...
245 _bმეთოდ. სახელმძღვ. ინგლისური ენის მასწ. (მე-7 კლ.). დაამტკიცა საქართველოს განათლების სამინისტრომ
245 _cრედ.: მხ. დ. ანთაძე
250 _aწითელი ჯვრის საერთაშორისო კომიტეტი
260 _aთბილისი
260 _bსი-ჯი-ეს
260 _c2004
300 _a20გვ.21სმ.
541 _h2 ლ.
653 _aინგლისური ენა
653 _aრაც მტრობას დაუნგრევია
942 _cBK
999 _c51216
_d51216